Bye-bye brickie (Record no. 76995)

MARC details
000 -LEADER
fixed length control field 00862cab a2200181 4500
001 - CONTROL NUMBER
control field ##L133422
008 - FIXED-LENGTH DATA ELEMENTS--GENERAL INFORMATION
fixed length control field 060508n2006 000 0 eng u
035 ## - SYSTEM CONTROL NUMBER
System control number (Sirsi) u133422
041 0# - LANGUAGE CODE
Language code of text/sound track or separate title eng
100 1# - MAIN ENTRY--PERSONAL NAME
Personal name Smith, Kristina
245 00 - TITLE STATEMENT
Title Bye-bye brickie
260 ## - PUBLICATION, DISTRIBUTION, ETC.
Date of publication, distribution, etc. 2006
490 #0 - SERIES STATEMENT
Series statement Construction Manager
Volume/sequential designation May 2006, 17(1)
520 ## - SUMMARY, ETC.
Summary, etc. Reports on Novabrik, a new type of concrete-based brick, which simply hooks over the previous course, with no mortar being required. It has significant labour cost and time advantages over traditional bricks; using Novabriks, an apartment block was constructed in seven weeks by three men, whereas an identical block using bricks and mortar took six men twelve weeks to build.
590 ## - LOCAL NOTE (RLIN)
Local note IKA090506
690 ## - LOCAL SUBJECT ADDED ENTRY--TOPICAL TERM (OCLC, RLIN)
Topical term or geographic name as entry element BUILT ENVIRONMENT-BUILDING MATERIALS-CEMENTITIOUS, CONCRETE AND MINERAL BOUND MATERIALS
942 ## - ADDED ENTRY ELEMENTS (KOHA)
Suppress in OPAC 0
Holdings
Withdrawn status Lost status Source of classification or shelving scheme Damaged status Not for loan Home library Current library Shelving location Date acquired Total Checkouts Full call number Barcode Date last seen Copy number Price effective from Koha item type
    Dewey Decimal Classification     London London Journal article 08/05/2006   L133422 133422-1001 06/08/2019 1 06/08/2019 Journal article